| 000 | 01562cad a22002415a 4500 | ||
|---|---|---|---|
| 001 | L145193 | ||
| 008 | 080915e20080908xxk f lf000 0 eng d | ||
| 035 | _a(Sirsi) u145193 | ||
| 041 | 0 | _aeng | |
| 050 | 0 | 4 | _a306.026 $2 18 |
| 110 | 2 |
_aUnited Kingdom _kLaws, etc. _95044 |
|
| 245 | 0 | 4 |
_aThe Houses in Multiple Occupation (Specified Educational Establishments) (England) Regulations 2008 _h[electronic resource] |
| 260 |
_aLondon _bOPSI _c2008 |
||
| 490 | 0 |
_aSI _v2008: 2346 |
|
| 520 | _aApproves the ANUK/Unipol 'Code of standards for larger residential developments', which lays down standards of conduct and practice as regards the management of larger properties in multiple occupation occupied by individuals taking part in full time educational courses. The code is for premises where the owner or landlord is the educational establishment offering the courses and these are listed in the schedule of the code. The premises affected are not HMOs for the purposes of the Housing Act 2004 (except Part 1) and as such are not subject to mandatory licensing by the local housing authority under part 2 of the act. Comes into force 1 October 2008. | ||
| 521 | _aAdvanced | ||
| 590 | _aKA | ||
| 650 | 2 | 4 | _aHOUSES IN MULTIPLE OCCUPATION (SPECIFIED EDUCATIONAL ESTABLISHMENTS) (ENGLAND) REGULATIONS 2008 |
| 651 | 4 |
_aEngland and Wales _y1543- |
|
| 690 | _aPROPERTY-RESIDENTIAL PROPERTY-COMMUNAL RESIDENTIAL PROPERTY | ||
| 856 | 4 | 0 |
_uhttps://www.opsi.gov.uk/si/si2008/uksi_20082346_en_1 _zView the item free of charge online at www.opsi.gov.uk... |
| 942 | _n0 | ||
| 999 |
_c108719 _d108719 |
||